[Event "Oberliga Ost-A 2223"]
[Site "Germany"]
[Date "2022.11.27"]
[Round "5.8"]
[White "Heyme, Sibylle"]
[Black "Pfretzschner, Roland"]
[Result "1/2-1/2"]
[WhiteElo "1963"]
[BlackElo "2157"]
[PlyCount "56"]
[EventDate "2022.09.18"]
[EventType "team-tourn"]
[EventRounds "11"]
[EventCountry "GER"]
[SourceTitle "EXT 2025"]
[Source "ChessBase"]
[SourceDate "2024.10.14"]
[SourceVersion "1"]
[SourceVersionDate "2024.10.14"]
[SourceQuality "1"]
[WhiteTeam "Hoyerswerda"]
[BlackTeam "Plauen Koenig"]
[WhiteTeamCountry "GER"]
[BlackTeamCountry "GER"]

1. e4 c6 2. d4 d5 3. Nc3 dxe4 4. Nxe4 Bf5 5. Ng3 Bg6 6. h4 h6 7. h5 Bh7 8. Nf3 Nd7 9. Bd3 Bxd3 10. Qxd3 e6 11. Bd2 Ngf6 12. 0-0-0 Be7 13. Kb1 0-0 14. Ne4 Nxe4 15. Qxe4 Nf6 16. Qe2 Qd5 17. Ne5 Qe4 18. Qxe4 Nxe4 19. Be3 Rfd8 20. g4 c5 21. dxc5 Bxc5 22. Bxc5 Nxc5 23. f3 Kf8 24. Kc1 Ke7 25. Rxd8 Rxd8 26. Rd1 Rxd1+ 27. Kxd1 Kf6 28. Nc4 Ke7 1/2-1/2

[Event "Oberliga Ost-A 2223"]
[Site "Germany"]
[Date "2022.09.04"]
[Round "1.8"]
[White "Poessel, Christian"]
[Black "Pfretzschner, Roland"]
[Result "0-1"]
[WhiteElo "1996"]
[BlackElo "2151"]
[PlyCount "98"]
[EventDate "2022.09.18"]
[EventType "team-tourn"]
[EventRounds "11"]
[EventCountry "GER"]
[SourceTitle "EXT 2025"]
[Source "ChessBase"]
[SourceDate "2024.10.14"]
[SourceVersion "1"]
[SourceVersionDate "2024.10.14"]
[SourceQuality "1"]
[WhiteTeam "Aue Nickelhuette II"]
[BlackTeam "Plauen Koenig"]
[WhiteTeamCountry "GER"]
[BlackTeamCountry "GER"]

1. d4 Nf6 2. Nf3 e6 3. g3 c5 4. c4 cxd4 5. Nxd4 Qb6 6. Bg2 Bc5 7. e3 Nc6 8. Nc2 0-0 9. Nc3 a6 10. 0-0 Qc7 11. Qe2 Rb8 12. Bd2 b6 13. a3 Be7 14. Rab1 Bb7 15. e4 Rfd8 16. Rfc1 Rbc8 17. Bf4 Ne5 18. Nb4 d6 19. b3 Nfd7 20. Be3 Nc5 21. f4 Ned7 22. Bf2 Qb8 23. Nc2 Nf6 24. b4 Ncd7 25. a4 Qa8 26. Rb3 Rc7 27. Re1 Rdc8 28. Na3 Bf8 29. g4 d5 30. exd5 exd5 31. Nxd5 Nxd5 32. cxd5 Bxd5 33. Bxd5 Qxd5 34. Rd3 Qb7 35. Qd2 Nf6 36. h3 Ne4 37. Qe2 Nxf2 38. Kxf2 Bxb4 39. Red1 Qb8 40. Kg3 Re7 41. Qb2 Re4 42. Rf1 Bd6 43. Qd2 Bxf4+ 44. Rxf4 g5 45. Rd6 gxf4+ 46. Kh4 Rce8 47. Qd5 R4e6 48. Nc4 Rxd6 49. Nxd6 Qd8+ 0-1

[Event "Oberliga Ost-A 2122"]
[Site "Germany"]
[Date "2022.06.19"]
[Round "5.6"]
[White "Pfretzschner, Roland"]
[Black "Rohne, Lars"]
[Result "0-1"]
[WhiteElo "2212"]
[BlackElo "2111"]
[PlyCount "68"]
[EventDate "2021.10.10"]
[EventType "team-tourn"]
[EventRounds "11"]
[EventCountry "GER"]
[SourceTitle "EXT 2023"]
[Source "ChessBase"]
[SourceDate "2022.10.05"]
[SourceVersion "1"]
[SourceVersionDate "2022.10.05"]
[SourceQuality "1"]
[WhiteTeam "Plauen Koenig"]
[BlackTeam "Leipzig VfB"]
[WhiteTeamCountry "GER"]
[BlackTeamCountry "GER"]

1. e4 c5 2. Nf3 d6 3. Bb5+ Nd7 4. c3 a6 5. Bd3 g6 6. 0-0 Bg7 7. Bc2 Ngf6 8. d4 0-0 9. Re1 e5 10. dxe5 Nxe5 11. Nxe5 dxe5 12. Qe2 Be6 13. Nd2 Qc7 14. c4 Ne8 15. b3 Nd6 16. Bb2 b5 17. Bd3 Rab8 18. Rac1 Qa5 19. cxb5 axb5 20. Rxc5 Qxa2 21. Bxe5 Bxe5 22. Rxe5 Bxb3 23. Nxb3 Qxb3 24. Rb1 Qa3 25. Bxb5 Rfc8 26. g3 Nc4 27. Rd5 Qc3 28. Rf1 h5 29. Bxc4 Rxc4 30. Re1 Rb2 31. Qe3 Qc2 32. e5 Re4 33. Qf3 Rxe1+ 34. Kg2 Qe4 0-1

[Event "Oberliga Ost-A 2122"]
[Site "Germany"]
[Date "2022.04.30"]
[Round "2.6"]
[White "Pfretzschner, Roland"]
[Black "Kalkhof, Stefan"]
[Result "0-1"]
[WhiteElo "2212"]
[BlackElo "2197"]
[PlyCount "100"]
[EventDate "2021.10.10"]
[EventType "team-tourn"]
[EventRounds "11"]
[EventCountry "GER"]
[SourceTitle "EXT 2023"]
[Source "ChessBase"]
[SourceDate "2022.10.05"]
[SourceVersion "1"]
[SourceVersionDate "2022.10.05"]
[SourceQuality "1"]
[WhiteTeam "Plauen Koenig"]
[BlackTeam "Leipzig SG"]
[WhiteTeamCountry "GER"]
[BlackTeamCountry "GER"]

1. e4 d6 2. Nc3 e5 3. Bc4 c6 4. Nf3 Be7 5. d4 Nd7 6. a4 Ngf6 7. 0-0 0-0 8. Qe2 Qc7 9. h3 exd4 10. Nxd4 Nc5 11. Bf4 Ne6 12. Nxe6 Bxe6 13. Bxe6 fxe6 14. e5 dxe5 15. Bxe5 Bd6 16. Bxd6 Qxd6 17. Rad1 Qe7 18. Rfe1 Rae8 19. Qe5 Qf7 20. Rd2 Qg6 21. Ne4 Nd5 22. Qg5 Qf7 23. c4 Nb6 24. b3 h6 25. Qg3 Re7 26. Nd6 Qf6 27. Rde2 e5 28. Ne4 Qf5 29. Qe3 Nc8 30. Qc5 Qg6 31. Ng3 b6 32. Qe3 Qf6 33. Ne4 Qf5 34. Qc3 Rfe8 35. c5 Qg6 36. Rd2 Re6 37. Qc4 Kh7 38. Red1 Rf8 39. Rd7 Rf4 40. Re1 bxc5 41. Qe2 Nd6 42. Nxc5 Ref6 43. f3 e4 44. Nxe4 Nxe4 45. fxe4 Qe8 46. Qd3 Qe5 47. Qd4 Qg5 48. Qb2 Qg3 49. Qb1 Rf2 50. e5+ Rg6 0-1

[Event "Oberliga Ost-A 1920"]
[Site "Germany"]
[Date "2021.07.18"]
[Round "11.3"]
[White "Pfretzschner, Roland"]
[Black "Nguyen, Alex Dac Vuong"]
[Result "1/2-1/2"]
[WhiteElo "2227"]
[BlackElo "2362"]
[PlyCount "44"]
[EventDate "2019.09.29"]
[EventType "team-tourn"]
[EventRounds "11"]
[EventCountry "GER"]
[SourceTitle "EXT 2023"]
[Source "ChessBase"]
[SourceDate "2022.10.05"]
[SourceVersion "1"]
[SourceVersionDate "2022.10.05"]
[SourceQuality "1"]
[WhiteTeam "Plauen Koenig"]
[BlackTeam "Leipzig SG"]
[WhiteTeamCountry "GER"]
[BlackTeamCountry "GER"]

1. e4 c5 2. Nf3 e6 3. d4 cxd4 4. Nxd4 a6 5. Nc3 Qc7 6. g3 Bb4 7. Qd3 Nf6 8. Bg2 Nc6 9. Nxc6 bxc6 10. 0-0 d5 11. exd5 cxd5 12. Bf4 Qd7 13. Qd4 a5 14. Be5 Be7 15. Na4 Qc6 16. b3 Ba6 17. c4 0-0 18. Rfd1 Rfd8 19. Rac1 Qe8 20. cxd5 Nxd5 21. Qg4 Bf8 22. Nc3 Bb7 1/2-1/2

[Event "Oberliga Ost-A 1920"]
[Site "Germany"]
[Date "2020.02.29"]
[Round "8.5"]
[White "Niering, Martin"]
[Black "Pfretzschner, Roland"]
[Result "0-1"]
[WhiteElo "2196"]
[BlackElo "2227"]
[PlyCount "82"]
[EventDate "2019.09.29"]
[EventType "team-tourn"]
[EventRounds "11"]
[EventCountry "GER"]
[SourceTitle "EXT 2023"]
[Source "ChessBase"]
[SourceDate "2022.10.05"]
[SourceVersion "1"]
[SourceVersionDate "2022.10.05"]
[SourceQuality "1"]
[WhiteTeam "Magdeburg Rochade"]
[BlackTeam "Plauen Koenig"]
[WhiteTeamCountry "GER"]
[BlackTeamCountry "GER"]

1. e4 c5 2. Nc3 e6 3. Nf3 a6 4. d4 cxd4 5. Nxd4 b5 6. Bd3 Qb6 7. Nb3 Qc7 8. Be3 Bb7 9. 0-0 Nf6 10. a3 d6 11. f3 Be7 12. Qe1 0-0 13. Qg3 Rd8 14. a4 b4 15. Na2 Nc6 16. Rac1 Qd7 17. Nd2 Ne5 18. b3 Nxd3 19. cxd3 a5 20. Nc4 Ra6 21. Nb6 Qe8 22. Rc7 Rb8 23. Rfc1 Bd8 24. Qxd6 Bxc7 25. Rxc7 h6 26. Qc5 Bxe4 27. dxe4 Raxb6 28. Qxa5 Rc6 29. Qe5 Rxc7 30. Qxc7 Rc8 31. Qe5 Qd7 32. Nxb4 Qd1+ 33. Kf2 Qxb3 34. Qb5 Qb2+ 35. Kg3 Kh7 36. Nc6 Qc3 37. Na7 Rc7 38. Bb6 Qe1+ 39. Kh3 g5 40. g4 Rc2 41. Nc6 Qd2 0-1

[Event "Oberliga Ost-A 1920"]
[Site "Germany"]
[Date "2019.11.16"]
[Round "2.5"]
[White "Pfretzschner, Roland"]
[Black "Hellwig, Tobias"]
[Result "0-1"]
[WhiteElo "2227"]
[BlackElo "2214"]
[PlyCount "44"]
[EventDate "2019.09.29"]
[EventType "team-tourn"]
[EventRounds "11"]
[EventCountry "GER"]
[SourceTitle "EXT 2021"]
[Source "ChessBase"]
[SourceDate "2020.10.23"]
[SourceVersion "1"]
[SourceVersionDate "2020.10.23"]
[SourceQuality "1"]
[WhiteTeam "Plauen Koenig"]
[BlackTeam "Sangerhausen"]
[WhiteTeamCountry "GER"]
[BlackTeamCountry "GER"]

1. e4 Nf6 2. Nc3 d5 3. e5 d4 4. Nce2 Nfd7 5. e6 fxe6 6. Nxd4 Nf6 7. Ndf3 Nc6 8. Bb5 Qd6 9. d4 Qb4+ 10. Bd2 Qxb5 11. Ne2 g6 12. b3 Ne4 13. g4 Nxd2 14. Qxd2 Qd5 15. Qe3 Bh6 16. Qxh6 Qxf3 17. 0-0-0 Qxe2 18. Qg7 Rf8 19. Rhe1 Qxg4 20. d5 exd5 21. Rxd5 Bd7 22. Red1 Qf4+ 0-1

[Event "BL2-Ost 1819"]
[Site "Germany"]
[Date "2019.02.02"]
[Round "5.6"]
[White "Pfretzschner, Roland"]
[Black "Kukel, Imre1"]
[Result "1/2-1/2"]
[WhiteElo "2240"]
[BlackElo "2273"]
[PlyCount "141"]
[EventDate "2018.11.10"]
[EventType "team-tourn"]
[EventRounds "10"]
[EventCountry "GER"]
[SourceTitle "CBM 190 Extra"]
[Source "ChessBase"]
[SourceDate "2019.07.15"]
[SourceVersion "1"]
[SourceVersionDate "2019.07.15"]
[SourceQuality "1"]
[WhiteTeam "Plauen Koenig"]
[BlackTeam "Bindlach"]
[WhiteTeamCountry "GER"]
[BlackTeamCountry "GER"]

1. e4 c5 2. Nf3 d6 3. c3 Nf6 4. Bd3 Bg4 5. h3 Bh5 6. 0-0 e6 7. Bc2 Nc6 8. d3 h6 9. Be3 d5 10. Nbd2 Be7 11. Re1 Qc7 12. g4 Bg6 13. e5 Nd7 14. d4 Bxc2 15. Qxc2 g5 16. a3 0-0-0 17. dxc5 h5 18. Bd4 hxg4 19. hxg4 Bxc5 20. b4 Bb6 21. Qd3 f6 22. exf6 Qf4 23. Bxb6 axb6 24. Kf1 Rh3 25. Ke2 Rf8 26. Rh1 Rxh1 27. Rxh1 Qxf6 28. Qe3 Kb8 29. Nxg5 d4 30. Qg3+ Ka7 31. Nh7 d3+ 32. Qxd3 Qxf2+ 33. Kd1 Rd8 34. Qf1 Qg3 35. Qh3 Qd6 36. Ng5 Nde5 37. Nge4 Qd5 38. Ke2 Nc4 39. Rd1 Nb2 40. Rb1 Nc4 41. Rd1 Nxd2 42. Nxd2 Ne5 43. Qg3 Nc4 44. Qf3 Qd6 45. Ke1 Nxd2 46. Qe3 Rh8 47. Rxd2 Rh1+ 48. Ke2 Rh2+ 49. Kd1 Rh1+ 50. Kc2 Qc6 51. Qd4 Re1 52. Rd1 e5 53. Qd7 Qe4+ 54. Kb2 Re2+ 55. Rd2 Rxd2+ 56. Qxd2 Qxg4 57. Qc2 Qd7 58. Qe4 Qd6 59. c4 Kb8 60. Kc3 Kc7 61. Qh7+ Kb8 62. Qe4 Ka7 63. Qd5 Qf6 64. Qe4 Qf1 65. Kb3 Qd1+ 66. Kc3 Qa1+ 67. Kb3 Kb8 68. Qg6 Qd1+ 69. Kc3 Qd4+ 70. Kb3 e4 71. Qe8+ 1/2-1/2

[Event "BL2-Ost 1819"]
[Site "Germany"]
[Date "2018.12.16"]
[Round "4.4"]
[White "Pfretzschner, Roland"]
[Black "Haba, Petr"]
[Result "0-1"]
[WhiteElo "2240"]
[BlackElo "2445"]
[PlyCount "87"]
[EventDate "2018.11.10"]
[EventType "team-tourn"]
[EventRounds "10"]
[EventCountry "GER"]
[SourceTitle "CBM 190 Extra"]
[Source "ChessBase"]
[SourceDate "2019.07.15"]
[SourceVersion "1"]
[SourceVersionDate "2019.07.15"]
[SourceQuality "1"]
[WhiteTeam "Plauen Koenig"]
[BlackTeam "Erfurt"]
[WhiteTeamCountry "GER"]
[BlackTeamCountry "GER"]

1. e4 c5 2. Nf3 e6 3. Nc3 Nc6 4. Bb5 Nge7 5. 0-0 a6 6. Bxc6 Nxc6 7. d4 cxd4 8. Nxd4 Be7 9. Re1 0-0 10. Nxc6 dxc6 11. e5 f5 12. Qxd8 Rxd8 13. Be3 b5 14. Rad1 Rxd1 15. Rxd1 Kf7 16. Bb6 Ke8 17. Ne2 Rb8 18. Bc7 Rb7 19. Bd6 Bxd6 20. Rxd6 Rd7 21. Rxd7 Kxd7 22. Nf4 c5 23. Nh5 Kc6 24. f4 Kd5 25. Kf2 Ke4 26. g3 b4 27. Nxg7 c4 28. Ne8 Kd4 29. Nf6 h6 30. h3 a5 31. g4 fxg4 32. hxg4 a4 33. b3 cxb3 34. cxb3 a3 35. g5 hxg5 36. fxg5 Kxe5 37. Ng8 Bb7 38. g6 Kf5 39. g7 Kg6 40. Nf6 Kxg7 41. Ne8+ Kf8 42. Nc7 Ke7 43. Ke3 e5 44. Nb5 0-1

[Event "Oberliga Ost-A 1718"]
[Site "Germany"]
[Date "2018.03.18"]
[Round "9.6"]
[White "Pfretzschner, Roland"]
[Black "Boehm, Robert"]
[Result "1/2-1/2"]
[WhiteElo "2211"]
[BlackElo "2148"]
[PlyCount "36"]
[EventDate "2017.10.22"]
[EventType "team-tourn"]
[EventRounds "11"]
[EventCountry "GER"]
[SourceTitle "EXT 2019"]
[Source "ChessBase"]
[SourceDate "2018.10.10"]
[SourceVersion "1"]
[SourceVersionDate "2018.10.10"]
[SourceQuality "1"]
[WhiteTeam "Plauen Koenig"]
[BlackTeam "Hoyerswerda"]
[WhiteTeamCountry "GER"]
[BlackTeamCountry "GER"]

1. e4 c5 2. Nf3 Nc6 3. Bb5 Nf6 4. Nc3 g6 5. e5 Ng4 6. Bxc6 dxc6 7. h3 Nh6 8. g4 Bg7 9. d3 f5 10. g5 Nf7 11. Qe2 Be6 12. Bf4 Qb6 13. Rb1 Bd5 14. Nxd5 cxd5 15. c3 Nd8 16. 0-0 Ne6 17. Qd2 Qc6 18. d4 c4 1/2-1/2

[Event "Oberliga Ost-A 1718"]
[Site "Germany"]
[Date "2018.02.25"]
[Round "8.5"]
[White "Pfretzschner, Roland"]
[Black "Merker, Matthias"]
[Result "1-0"]
[WhiteElo "2211"]
[BlackElo "2133"]
[PlyCount "65"]
[EventDate "2017.10.22"]
[EventType "team-tourn"]
[EventRounds "11"]
[EventCountry "GER"]
[SourceTitle "EXT 2019"]
[Source "ChessBase"]
[SourceDate "2018.10.10"]
[SourceVersion "1"]
[SourceVersionDate "2018.10.10"]
[SourceQuality "1"]
[WhiteTeam "Plauen Koenig"]
[BlackTeam "Coswig TuS"]
[WhiteTeamCountry "GER"]
[BlackTeamCountry "GER"]

1. e4 Nf6 2. Nc3 d5 3. e5 d4 4. Nce2 Ne4 5. c3 Nc6 6. Nf3 Bg4 7. Nexd4 Nxd4 8. Qa4+ c6 9. Qxd4 Bxf3 10. Qxd8+ Rxd8 11. gxf3 Ng5 12. f4 Ne6 13. f5 Nc7 14. d4 g6 15. Bh3 e6 16. Bg5 Rd5 17. f6 Kd8 18. 0-0 Kc8 19. b4 h5 20. a4 Bh6 21. Bxh6 Rxh6 22. Rfd1 Rh8 23. c4 Rd7 24. Rd2 Rhd8 25. Rad1 Kb8 26. b5 c5 27. d5 b6 28. Kf1 g5 29. Ke1 Kc8 30. dxe6 fxe6 31. Rd6 g4 32. f7 Rxd6 33. exd6 1-0

[Event "Oberliga Ost-A 1718"]
[Site "Germany"]
[Date "2017.12.10"]
[Round "4.5"]
[White "Hartge, Gedeon"]
[Black "Pfretzschner, Roland"]
[Result "1/2-1/2"]
[WhiteElo "2144"]
[BlackElo "2211"]
[PlyCount "55"]
[EventDate "2017.10.22"]
[EventType "team-tourn"]
[EventRounds "11"]
[EventCountry "GER"]
[SourceTitle "EXT 2019"]
[Source "ChessBase"]
[SourceDate "2018.10.10"]
[SourceVersion "1"]
[SourceVersionDate "2018.10.10"]
[SourceQuality "1"]
[WhiteTeam "Halle USV"]
[BlackTeam "Plauen Koenig"]
[WhiteTeamCountry "GER"]
[BlackTeamCountry "GER"]

1. d4 Nf6 2. c4 e6 3. Nc3 Bb4 4. e3 b6 5. Nge2 c5 6. a3 Ba5 7. g3 Bb7 8. d5 b5 9. Bg2 bxc4 10. 0-0 0-0 11. e4 exd5 12. e5 Ng4 13. Bxd5 Bxd5 14. Qxd5 Nc6 15. f4 Ne7 16. Qxc4 d5 17. exd6 Qxd6 18. h3 Nf6 19. Be3 Rac8 20. Rad1 Qc6 21. g4 Bb6 22. f5 Nd7 23. Bf4 Bc7 24. Qb5 Bxf4 25. Nxf4 Rfd8 26. Nfd5 Re8 27. Rfe1 Kf8 28. Nxe7 1/2-1/2

[Event "Oberliga Ost-A 1516"]
[Site "Germany"]
[Date "2016.01.17"]
[Round "7.7"]
[White "Pietzsch, Manuel"]
[Black "Pfretzschner, Roland"]
[Result "0-1"]
[WhiteElo "2123"]
[BlackElo "2229"]
[PlyCount "78"]
[EventDate "2015.09.20"]
[EventType "team-tourn"]
[EventRounds "11"]
[EventCountry "GER"]
[SourceTitle "EXT 2017"]
[Source "ChessBase"]
[SourceDate "2016.10.25"]
[SourceVersion "1"]
[SourceVersionDate "2016.10.25"]
[SourceQuality "1"]
[WhiteTeam "Leipzig SG II"]
[BlackTeam "Plauen Koenig"]
[WhiteTeamCountry "GER"]
[BlackTeamCountry "GER"]

1. e4 c5 2. Nf3 e6 3. d4 cxd4 4. Nxd4 a6 5. Nc3 b5 6. g3 Bb7 7. Bg2 Nf6 8. a3 Qc7 9. 0-0 d6 10. Re1 Be7 11. a4 b4 12. Na2 0-0 13. c3 bxc3 14. Nxc3 Nc6 15. Nxc6 Bxc6 16. a5 Qb7 17. Qe2 Rfd8 18. Na4 Nd7 19. Bf4 Rab8 20. Reb1 Qb3 21. Nc3 Nc5 22. Ra3 Qb4 23. Bd2 Kf8 24. Qe3 Nb3 25. Be1 Qb7 26. Na4 d5 27. exd5 Bxd5 28. Bxd5 exd5 29. Nb6 Nc5 30. Bb4 d4 31. Qe5 Ne6 32. Bxe7+ Qxe7 33. Rd3 Qb4 34. Qe1 Qb5 35. Rf3 Kg8 36. Qd2 h6 37. b4 Qc6 38. Ra3 Ng5 39. Rbb3 Nh3+ 0-1

[Event "Oberliga Ost-A 1516"]
[Site "Germany"]
[Date "2015.12.13"]
[Round "5.5"]
[White "Kalkhof, Stefan"]
[Black "Pfretzschner, Roland"]
[Result "0-1"]
[WhiteElo "2221"]
[BlackElo "2229"]
[PlyCount "76"]
[EventDate "2015.09.20"]
[EventType "team-tourn"]
[EventRounds "11"]
[EventCountry "GER"]
[SourceTitle "EXT 2017"]
[Source "ChessBase"]
[SourceDate "2016.10.25"]
[SourceVersion "1"]
[SourceVersionDate "2016.10.25"]
[SourceQuality "1"]
[WhiteTeam "Loeberitz"]
[BlackTeam "Plauen Koenig"]
[WhiteTeamCountry "GER"]
[BlackTeamCountry "GER"]

1. Nf3 c5 2. c4 Nc6 3. Nc3 e5 4. g3 g6 5. d3 Bg7 6. Bg2 Nge7 7. h4 h6 8. a3 a5 9. Nd2 d6 10. Nf1 0-0 11. Ne3 Nd4 12. 0-0 Kh7 13. Rb1 f5 14. Ned5 Nxd5 15. Nxd5 f4 16. e3 f3 17. exd4 fxg2 18. Kxg2 cxd4 19. Bd2 Qd7 20. Rh1 b5 21. f3 Bb7 22. Qe2 Qf7 23. Qe4 Kh8 24. Rbf1 Rac8 25. b3 a4 26. h5 g5 27. Bb4 axb3 28. Bxd6 Rfd8 29. Bxe5 bxc4 30. Bxg7+ Qxg7 31. dxc4 Rxc4 32. Qe7 Rc2+ 33. Kh3 g4+ 34. fxg4 Qxe7 35. Nxe7 Bg2+ 36. Kh4 Bxf1 37. g5 Rf2 38. Ng6+ Kh7 0-1

[Event "Oberliga Ost-A 1415"]
[Site "Germany"]
[Date "2015.04.12"]
[Round "11.5"]
[White "Pfretzschner, Roland"]
[Black "Ader, Gunter"]
[Result "0-1"]
[WhiteElo "2255"]
[BlackElo "2028"]
[PlyCount "88"]
[EventDate "2014.09.21"]
[EventType "team-tourn"]
[EventRounds "11"]
[EventCountry "GER"]
[SourceTitle "EXT 2016"]
[Source "ChessBase"]
[SourceDate "2015.10.08"]
[SourceVersion "1"]
[SourceVersionDate "2015.10.08"]
[SourceQuality "1"]
[WhiteTeam "Plauen Koenig"]
[BlackTeam "Dresden USV TU II"]
[WhiteTeamCountry "GER"]
[BlackTeamCountry "GER"]

1. e4 d6 2. d4 Nf6 3. Nc3 g6 4. Bg5 c6 5. Qd2 b5 6. Bd3 Bg7 7. f4 0-0 8. Nf3 b4 9. Ne2 a5 10. 0-0 c5 11. dxc5 dxc5 12. e5 Ne8 13. Rad1 Ra7 14. Qe3 Qb6 15. Bc4 h6 16. Bh4 Na6 17. Rd2 Be6 18. Bxa6 Qxa6 19. Qxc5 Rc7 20. Qe3 f6 21. b3 g5 22. fxg5 fxg5 23. Bg3 a4 24. Re1 Rc8 25. Qe4 Qb6+ 26. Bf2 Qa5 27. Ned4 Bd5 28. Qg4 Rc3 29. Re3 axb3 30. axb3 Nc7 31. Rde2 e6 32. Rxc3 bxc3 33. Qg3 Bxf3 34. Nxf3 Nd5 35. h4 Qb5 36. Re4 Nf4 37. Nd4 Qd5 38. Qe3 Bxe5 39. hxg5 Bxd4 40. Qxd4 Qxg5 41. Kf1 Qxg2+ 42. Ke1 Qh1+ 43. Bg1 Qf3 44. Bf2 Ra8 0-1

[Event "Pardubice Czech op-A 25th"]
[Site "Pardubice"]
[Date "2014.07.26"]
[Round "9"]
[White "Pfretzschner, Roland"]
[Black "Kareva, Natalia"]
[Result "1-0"]
[WhiteElo "2256"]
[BlackElo "2129"]
[PlyCount "61"]
[EventDate "2014.07.18"]
[EventType "swiss"]
[EventRounds "9"]
[EventCountry "CZE"]
[SourceTitle "CBM 161 Extra"]
[Source "ChessBase"]
[SourceDate "2014.08.29"]
[SourceVersion "1"]
[SourceVersionDate "2014.08.29"]
[SourceQuality "1"]

1. e4 c6 2. Nf3 d5 3. Nc3 g6 4. d4 Bg7 5. Be3 Nf6 6. e5 Ng4 7. Bf4 h5 8. Bd3 Nh6 9. Qd2 Bf5 10. 0-0-0 Bxd3 11. Qxd3 e6 12. h3 Nd7 13. Kb1 a6 14. Rdg1 c5 15. g4 c4 16. Qe2 Ng8 17. Nxd5 exd5 18. e6 Qe7 19. exd7+ Kxd7 20. Qd2 hxg4 21. Qa5 Kc6 22. Re1 b6 23. Rxe7 bxa5 24. Rxf7 Bf6 25. Re1 Be7 26. Ne5+ Kb5 27. Nxg6 Rxh3 28. Nxe7 Re8 29. Bg3 Rxe7 30. Rfxe7 Nxe7 31. a4+ 1-0

[Event "Pardubice Czech op-A 25th"]
[Site "Pardubice"]
[Date "2014.07.25"]
[Round "8"]
[White "Jovanic, Ognjen"]
[Black "Pfretzschner, Roland"]
[Result "1-0"]
[WhiteElo "2482"]
[BlackElo "2256"]
[PlyCount "77"]
[EventDate "2014.07.18"]
[EventType "swiss"]
[EventRounds "9"]
[EventCountry "CZE"]
[SourceTitle "CBM 161 Extra"]
[Source "ChessBase"]
[SourceDate "2014.08.29"]
[SourceVersion "1"]
[SourceVersionDate "2014.08.29"]
[SourceQuality "1"]

1. d4 Nf6 2. c4 g6 3. Nc3 d5 4. Bg5 Ne4 5. Bh4 Nxc3 6. bxc3 dxc4 7. e3 Be6 8. Nf3 Bg7 9. Qb1 b6 10. Ng5 Bd5 11. e4 h6 12. Nf3 Be6 13. Be2 c5 14. Qb5+ Qd7 15. Bxc4 Bxc4 16. Qxc4 cxd4 17. cxd4 Nc6 18. Rd1 Rc8 19. Qb5 Na5 20. Qe2 0-0 21. 0-0 Rc4 22. d5 g5 23. Bg3 Qa4 24. e5 Re4 25. Qa6 g4 26. Nh4 Bxe5 27. Qxa7 Bf6 28. Nf5 h5 29. Bc7 Qd7 30. Ng3 Ra4 31. Qxb6 Rxa2 32. Nxh5 Bh8 33. d6 exd6 34. Rxd6 Qf5 35. Nf6+ Bxf6 36. Rxf6 Qe4 37. Qb5 Ra8 38. Qg5+ Kf8 39. Bd6+ 1-0

[Event "Pardubice Czech op-A 25th"]
[Site "Pardubice"]
[Date "2014.07.18"]
[Round "1"]
[White "Pfretzschner, Roland"]
[Black "Kislinsky, Alexey"]
[Result "0-1"]
[WhiteElo "2256"]
[BlackElo "2491"]
[PlyCount "58"]
[EventDate "2014.07.18"]
[EventType "swiss"]
[EventRounds "9"]
[EventCountry "CZE"]
[SourceTitle "CBM 161 Extra"]
[Source "ChessBase"]
[SourceDate "2014.08.29"]
[SourceVersion "1"]
[SourceVersionDate "2014.08.29"]
[SourceQuality "1"]

1. e4 c5 2. Nf3 Nc6 3. Bb5 Nf6 4. Nc3 g6 5. e5 Ng4 6. Bxc6 dxc6 7. h3 Nh6 8. d3 Nf5 9. Bf4 Bg7 10. Ne4 Nd4 11. 0-0 b6 12. Re1 0-0 13. c3 Ne6 14. Be3 f5 15. exf6 exf6 16. Qd2 a5 17. Rad1 Ra7 18. Bh6 g5 19. Bxg7 Rxg7 20. d4 c4 21. d5 Nf4 22. dxc6 Nd3 23. Re3 g4 24. Ne1 gxh3 25. g3 f5 26. Nxd3 fxe4 27. Ne5 Qf6 28. Nd7 Bxd7 29. cxd7 Rxd7 0-1